Loading…

Sport startups : new advances in entrepreneurship /

Sport Startups: New Advances in Entrepreneurshipexamines the global growth of startup enterprises in the sports sector and addresses how they contribute to new developments in business innovation and entrepreneurship.

Bibliographic Details
Call Number:Libro Electrónico
Main Author: Ratten, Vanessa (Author)
Format: Electronic eBook
Language:Inglés
Published: Bingley, UK : Emerald Publishing Limited, 2020.
Edition:First edition.
Subjects:
Online Access:Texto completo

MARC

LEADER 00000cam a2200000 i 4500
001 on1202464190
003 OCoLC
005 20231005004200.0
006 m o d
007 cr cnu---unuuu
008 201031t20202020enk ob 001 0 eng d
040 |a EBLCP  |b eng  |e rda  |e pn  |c EBLCP  |d YDX  |d SFB  |d OCLCF  |d N$T  |d OCLCO  |d EBLCP  |d OSU  |d OCLCO  |d UKAHL  |d UKMGB  |d OCLCO  |d OCLCQ 
015 |a GBC0D2423  |2 bnb 
016 7 |a 019909311  |2 Uk 
019 |a 1201178696  |a 1202452891  |a 1203949252 
020 |a 9781789730814  |q (electronic bk.) 
020 |a 1789730813  |q (electronic bk.) 
020 |a 9781789730838  |q (electronic bk.) 
020 |a 178973083X  |q (electronic bk.) 
020 |z 1789730821  |q (paperback) 
020 |z 9781789730821  |q (paperback) 
029 1 |a AU@  |b 000068418287 
029 1 |a AU@  |b 000068723438 
029 1 |a UKMGB  |b 019909311 
029 1 |a AU@  |b 000069102895 
035 |a (OCoLC)1202464190  |z (OCoLC)1201178696  |z (OCoLC)1202452891  |z (OCoLC)1203949252 
037 |a 9781789730838  |b Emerald Publishing 
050 4 |a HD62.5  |b .R38 2020eb 
050 4 |a HB615-715 
080 |a 658.1 
082 0 4 |a 658  |2 23 
049 |a UAMI 
100 1 |a Ratten, Vanessa,  |e author. 
245 1 0 |a Sport startups :  |b new advances in entrepreneurship /  |c Vanessa Ratten. 
250 |a First edition. 
264 1 |a Bingley, UK :  |b Emerald Publishing Limited,  |c 2020. 
264 4 |c Ã2020 
300 |a 1 online resource (122 pages) 
336 |a text  |b txt  |2 rdacontent 
337 |a computer  |b c  |2 rdamedia 
338 |a online resource  |b cr  |2 rdacarrier 
504 |a Includes bibliographical references and index. 
505 0 |a Sport startups: what are they? -- The need for entrepreneurship in sport startups -- Creating entrepreneurial opportunities through sport ecosystems -- Accelerators as knowledge providers -- Sport innovation communities and problem complexity -- Football ecosystems and innovation -- Digital transformation in sport and social media sport -- Startups: what does the future hold? 
520 |a Sport Startups: New Advances in Entrepreneurshipexamines the global growth of startup enterprises in the sports sector and addresses how they contribute to new developments in business innovation and entrepreneurship. 
588 0 |a Print version record. 
590 |a Emerald Insight  |b Emerald All Book Titles 
650 0 |a Entrepreneurship. 
650 0 |a Sports administration. 
650 0 |a New business enterprises. 
650 2 |a Entrepreneurship 
650 6 |a Entrepreneuriat. 
650 6 |a Sports  |x Gestion. 
650 6 |a Nouvelles entreprises. 
650 7 |a entrepreneurs.  |2 aat 
650 7 |a Entrepreneurship.  |2 bicssc 
650 7 |a Business & Economics  |x Entrepreneurship.  |2 bisacsh 
650 7 |a Entrepreneurship.  |2 fast  |0 (OCoLC)fst00912787 
650 7 |a Sports administration.  |2 fast  |0 (OCoLC)fst01130552 
650 7 |a New business enterprises.  |2 fast  |0 (OCoLC)fst01036825 
776 0 8 |i Print version:  |a Ratten, Vanessa.  |t Sport startups.  |b First edition.  |d Bingley, UK : Emerald Publishing Limited, 2020  |z 9781789730821  |w (OCoLC)1159532742 
856 4 0 |u https://emerald.uam.elogim.com/insight/publication/doi/10.1108/9781789730814  |z Texto completo 
938 |a Askews and Holts Library Services  |b ASKH  |n AH37414178 
938 |a ProQuest Ebook Central  |b EBLB  |n EBL6373749 
938 |a YBP Library Services  |b YANK  |n 301632282 
938 |a EBSCOhost  |b EBSC  |n 2478514 
938 |a Askews and Holts Library Services  |b ASKH  |n AH37589186 
994 |a 92  |b IZTAP